Đang tải...

The migration of Indian human capital :

Chi tiết về thư mục
Tác giả chính: Yahya, Faizal
Tác giả khác: Kaur, Arunajeet
Định dạng: Printed Book
Ngôn ngữ:English
Được phát hành: London ; New York : Routledge, 2011.
Những chủ đề:
LEADER 00798 a2200217 4500
008 100208b ||||| |||| 00| 0 eng d
020 |a 9780415481083 (hardback) 
020 |a 0415481082 (hardback) 
020 |a 9780203886274 (ebook) 
020 |a 0203886275 (ebook) 
082 0 0 |a 331.12/791 
100 1 |a Yahya, Faizal, 
245 1 4 |a The migration of Indian human capital :  |c Faizal bin Yahya and Arunajeet Kaur 
260 |a London ;  |a New York :  |b Routledge,  |c 2011. 
650 0 |a Human capital 
650 0 |a Labor mobility 
650 0 |a Foreign workers 
700 1 |a Kaur, Arunajeet. 
942 |c BK 
999 |c 318303  |d 318303 
952 |0 0  |1 0  |2 ddc  |4 0  |6 331_120000000000000_791YAH_M  |7 0  |8 NFIC  |9 364445  |a ECN  |b ECN  |c GEN  |d 2012-05-03  |g 0.00  |i 8681  |l 1  |o 331.12/791YAH/M  |p ECN8681  |r 2013-06-12  |s 2013-06-11  |w 2012-05-03  |y BK